Stati che terminano con la S - Statistics

Statistiche generali
  • Questo quiz è stato fatto 115 volte
  • Il punteggio medio è 5 su 7
Statistiche sulle risposte
Superficie (km²) Popolazione (ab.) Stato % Corretto
236 800 7 231 210 Laos
76%
261 52 823 Saint Kitts e Nevis
72%
430 287 025 Barbados
70%
13 943 389 000 Bahamas
69%
112 492 9 304 380 Honduras
67%
452 98 462 Seychelles
62%
2 040 1 266 000 Mauritius
52%
Nessun quiz corrispondente trovato
Distribuzione punteggi
Percentuale di utenti per punteggio
Percentile per numero di risposta
I tuoi punteggi nel tempo
Non hai fatto questo quiz